000 00554nam a22001937a 4500
005 20260427093835.0
008 260427b |||||||| |||| 00| 0 eng d
020 _a9780367865207
_qpbk
082 _a620.2309173
_bKAN
100 _aKang, Jian
245 _aUrban sound environment
250 _a1st. Pub. 2017 ; 1st pbk ed. 2019
260 _aNew York
_bRoutledge, Taylor and Francis Group
_c2019
300 _axviii, 278p. ; 24cm.
653 _aEnvironmental Technology
653 _aNoise pollution
653 _aNoise control
942 _2ddc
_cBK
999 _c53147
_d53147